[Event "British KO-ch 2019"]
[Site "London"]
[Date "2019.12.04"]
[Round "2.1"]
[White "Adams, Michael"]
[Black "McShane, Luke J"]
[Result "1/2-1/2"]
[WhiteElo "2692"]
[BlackElo "2675"]
[Annotator "TA"]
[PlyCount "60"]
[EventDate "2019.11.30"]
[EventType "k.o."]
[EventCountry "ENG"]

{[%evp 12,60,15,16,35,32,31,23,28,23,14,3,19,6,10,0,34,0,4,0,37,20,22,0,0,0,11,0,0,0,0,0,0,0,0,-8,-7,-14,0,0,0,0,0,0,0,0,0,0,0,0,0]} 1. e4 e5 2. Nf3 Nc6 3. Bb5 Nf6 4. O-O Nxe4 5. Re1 Nd6 6. Nxe5 Be7 7. Bf1 Nf5 {C67: Ruy Lopez: Berlin Defence: 4 0-0 Nxe4} (7... Nxe5 8. Rxe5 O-O 9. d4 Bf6 10. Re1 Re8 11. c3 Rxe1 12. Qxe1 Ne8 13. d5 c6 14. Qd1 b6 15. Bf4 Bb7 16. dxc6 dxc6 17. Nd2 c5 18. Nc4 Qxd1 19. Rxd1 {½-½ (40) Anand,V (2774)-Caruana,F (2819) Karlsruhe/Baden Baden 2019}) 8. Nf3 d5 9. d4 O-O {White has an edge.} 10. Nc3 Bb4 11. Bg5 f6 12. Bf4 Nce7 13. Bd2 {[#]} g5 $146 ({Predecessor:} 13... c6 14. Nb1 Bd6 15. c4 {½-½ (45) Hovhannisyan,R (2591)-Pashikian,A (2578) Yerevan 2018}) 14. h3 c6 15. Bd3 Bd6 16. Ne2 Ng7 {The position is equal.} 17. c4 Bf5 18. Bxf5 Ngxf5 19. Qb3 Qd7 20. Nc3 {[%cal Rc4d5]} Kh8 21. cxd5 Nxd5 22. Nxd5 cxd5 23. Bb4 Bxb4 24. Qxb4 Rfe8 25. Rxe8+ Rxe8 26. Re1 Rxe1+ 27. Nxe1 {[%cal Rb4f8] [#]} Qe7 28. Qxe7 Nxe7 29. f4 Kg7 30. Kf2 Kf7 {Accuracy: White = 58%, Black = 65%.} 1/2-1/2

[Event "British KO-ch 2019"]
[Site "London"]
[Date "2019.12.04"]
[Round "2.1"]
[White "Jones, Gawain C B"]
[Black "Howell, David W L"]
[Result "0-1"]
[WhiteElo "2663"]
[BlackElo "2701"]
[Annotator "TA"]
[PlyCount "42"]
[EventDate "2019.11.30"]
[EventType "k.o."]
[EventCountry "ENG"]

{[%evp 14,130,0,0,0,0,0,-23,-41,-13,-33,-25,-33,-34,-22,-14,54,47,42,30,459,440,371,107,104,131,123,89,108,120,365,349,408,324,354,69,157,161,148,99,235,62,62,62,62,62,62,60,60,52,88,122,149,139,109,128,108,103,141,0,0,0,0,0,0,0,0,0,0,0,0,-187,-202,-163,-158,-472,-473,-1720,-1688,-1666,-1295,-2007,-2172,-2085,-2043,-29968,-8800,-29984,-29985,-29985,-29982,-29980,-29981,-29981,-5533,-5197,-5114,-6115,-5114,-5114,-5097,-29982,-29983,-29983,-29984,-29985,-29986,-29986,-29985,-29986,-29987,-29989,-29990,-29988,-29989,-29989,-29990,-29990,-29991]} 1. e4 e6 2. d4 d5 3. e5 c5 4. c3 Nc6 5. Nf3 Qb6 6. Be2 cxd4 7. cxd4 Nh6 8. Bxh6 Qxb2 {C02: French: Advance Variation} 9. Nbd2 {Be3 is the strong threat.} (9. Nc3 Qxc3+ 10. Bd2 Qa3 11. O-O a6 12. Qc2 h6 13. Rab1 Qe7 14. Rb6 Qc7 15. Rfb1 Be7 16. Bd1 {1-0 (51) Durarbayli,V (2618)-Jumabayev,R (2621) Saint Louis 2018}) 9... gxh6 10. O-O Nxd4 {Black has an edge.} 11. Rb1 Nxe2+ 12. Qxe2 Qa3 13. Nd4 $146 ({Predecessor:} 13. Qb5+ Kd8 14. Rfc1 Qa6 15. Qb3 b6 16. Nd4 {0-1 (31) Logar,M (2069)-Massanet Massanet,S (2297) Calvia 2009}) 13... a6 14. Rfc1 Bg7 (14... Qxa2 $11 15. Rc2 Qa5) 15. Nf1 $1 $14 {[%mdl 1024] White has compensation.} Qe7 16. Ng3 f6 $2 {[%mdl 8192]} (16... O-O $1 $11 {and Black stays safe.}) 17. Qh5+ $18 Kd8 18. f4 $2 (18. Qh4 $18) 18... fxe5 $16 19. fxe5 Rf8 {Threatening ...Rf4.} 20. Rb6 Bd7 {aiming for ...Rc8.} 21. Rd6 Rc8 {Played: Qe7xd6} 0-1

[Event "British KO-ch 2019"]
[Site "London"]
[Date "2019.12.03"]
[Round "2.2"]
[White "Howell, David W L"]
[Black "Jones, Gawain C B"]
[Result "1/2-1/2"]
[WhiteElo "2701"]
[BlackElo "2663"]
[Annotator "RC"]
[PlyCount "71"]
[EventDate "2019.11.30"]
[EventType "k.o."]
[EventCountry "ENG"]
[SourceTitle "playchess.com"]
[Source "ChessBase"]
[SourceQuality "1"]
[TimeControl "5400+30"]

1. Nf3 {[%emt 0:00:00]} Nf6 {[%emt 0:00:00]} 2. c4 {[%emt 0:00:00]} g6 {[%emt 0:00:00]} 3. g3 {[%emt 0:00:00]} Bg7 {[%emt 0:00:00]} 4. Bg2 {[%emt 0:00:00]} O-O {[%emt 0:00:00]} 5. O-O {[%emt 0:00:00]} c5 {[%emt 0:00:00]} 6. d4 {[%emt 0:00:00]} cxd4 {[%emt 0:00:00]} 7. Nxd4 {[%emt 0:00:00]} d5 {[%emt 0:00:00]} 8. cxd5 {[%emt 0:00:00]} Nxd5 {[%emt 0:00:00]} 9. Nb5 {[%emt 0:00:00]} Be6 {[%emt 0:00:00]} 10. Nd4 {[%emt 0:00:00]} Bc8 {[%emt 0:00:00]} 11. Nc3 {[%emt 0:00:00]} Nxc3 {[%emt 0:00:00]} 12. bxc3 {[%emt 0:00:00]} Nc6 {[%emt 0:00:00]} 13. Rb1 {[%emt 0:06:51]} Nxd4 {[%emt 0:00:00]} 14. cxd4 {[%emt 0:00:14]} Qxd4 {[%emt 0:00:00]} 15. Qxd4 {[%emt 0:13:58]} Bxd4 {[%emt 0:00:00]} 16. Bh6 {[%emt 0:00:09]} Rd8 {[%emt 0:00:00]} 17. Bxb7 {[%emt 0:00:21]} Rb8 {[%emt 0:00:00]} 18. Bxc8 {[%emt 0:00:59]} Rdxc8 {[%emt 0:00:00]} 19. Rxb8 {[%emt 0:04:28]} Rxb8 {[%emt 0:00:00]} 20. Rd1 {[%emt 0:00:04]} Bc5 {[%emt 0:00:00]} 21. Rd7 {[%emt 0:10:45]} Rc8 {[%emt 0:00:00]} 22. a4 {[%emt 0:10:54]} a6 {[%emt 0:00:00]} 23. Kg2 {[%emt 0:17:42]} f6 {[%emt 0:00:00]} 24. Bd2 {[%emt 0:00:07]} Kf7 {[%emt 0:00:00]} 25. Kf3 {[%emt 0:00:48]} Ke6 {[%emt 0:03:50]} 26. Rb7 {[%emt 0:09:03]} Kd5 {[%emt 0:07:16]} 27. e4+ {[%emt 0:01:12]} Kc6 {[%emt 0:00:41]} 28. Rb1 {[%emt 0:10:01]} Kd7 {[%emt 0:06:29]} 29. Ke2 {[%emt 0:05:06]} Rc6 {[%emt 0:04:48]} 30. f3 {[%emt 0:02:43]} Rb6 {[%emt 0:01:14]} 31. Rxb6 {[%emt 0:00:10]} Bxb6 {[%emt 0:00:03]} 32. Kd3 {[%emt 0:00:21]} Kc6 {[%emt 0:02:24]} 33. Kc4 {[%emt 0:00:30]} e6 {[%emt 0:05:23]} 34. g4 {[%emt 0:00:26]} f5 {[%emt 0:00:14]} 35. h3 {[%emt 0:00:25]} fxe4 {[%emt 0:03:59]} 36. fxe4 {[%emt 0:00:17]} 1/2-1/2

[Event "British KO-ch 2019"]
[Site "London"]
[Date "2019.12.03"]
[Round "2.2"]
[White "McShane, Luke J"]
[Black "Adams, Michael"]
[Result "1/2-1/2"]
[WhiteElo "2675"]
[BlackElo "2692"]
[Annotator "TA"]
[PlyCount "61"]
[EventDate "2019.11.30"]
[EventType "k.o."]
[EventCountry "ENG"]
[SourceTitle "playchess.com"]
[Source "ChessBase"]
[SourceQuality "1"]

{[%evp 26,61,28,25,27,33,35,25,26,28,36,18,23,10,18,14,23,20,21,22,26,28,25,31,30,31,21,21,35,31,35,4,10,11,0,3,7,7]} 1. e4 e5 2. Nf3 Nc6 3. Bb5 a6 4. Ba4 Nf6 5. O-O Be7 6. Re1 b5 7. Bb3 O-O 8. c3 d5 9. exd5 Nxd5 10. Nxe5 Nxe5 11. Rxe5 c6 12. d3 Bd6 13. Re1 Bf5 14. Qf3 Qh4 {C89: Closed Ruy Lopez: Marshall Attack} 15. g3 Qh3 16. Be3 Bxd3 {White has an edge.} ({Much worse is} 16... Nxe3 17. Rxe3 Bd7 18. Nd2 $16) 17. Nd2 Qf5 18. Bd4 Rfd8 19. a4 h6 20. h4 Rac8 21. Qxf5 Bxf5 22. Ne4 {[#]} c5 $146 23. Nxd6 Rxd6 24. Be5 Rd7 25. axb5 axb5 26. c4 Nb4 27. cxb5 {aiming for b6.} c4 28. Bd1 {Threatening Bc3.} Nd3 {The position is equal.} 29. Re3 {[#] And now Bf3 would win.} Rd5 30. Bc3 {Threatens to win with b6.} Rxb5 31. Ba4 {Accuracy: White = 86%, Black = 85%.} 1/2-1/2

[Event "British KO-ch 2019"]
[Site "London"]
[Date "2019.12.04"]
[Round "2.3"]
[White "Howell, David W L"]
[Black "Jones, Gawain C B"]
[Result "0-1"]
[WhiteElo "2701"]
[BlackElo "2663"]
[Annotator "TA"]
[PlyCount "125"]
[EventDate "2019.11.30"]
[EventType "k.o."]
[EventCountry "ENG"]
[SourceTitle "playchess.com"]
[Source "ChessBase"]
[SourceQuality "1"]

{[%evp 16,125,43,29,35,47,28,50,61,47,48,33,54,10,18,-43,0,0,20,12,0,0,24,33,31,45,32,39,27,-12,-9,0,-26,-21,-16,-27,-7,-8,-9,-55,-54,-53,-53,-53,-51,-71,-71,-70,-70,-67,-66,-88,-44,-72,-38,-58,-58,-69,-39,-63,-55,-55,-56,-82,-59,-166,-166,-172,-175,-213,-196,-238,-5,-249,-227,-397,-389,-397,-385,-383,-381,-372,-350,-313,-298,-257,-220,-627,-600,-481,-122,-1256,-1178,-2454,-719,-719,-719,-706,-679,-939,-913,-864,-671,-1361,-1327,-1281,-1065,-2710,-2429,-29976,-29977,-29976]} 1. Nf3 Nf6 2. c4 g6 3. g3 Bg7 4. Bg2 O-O 5. O-O d6 6. d4 Nc6 7. Nc3 Rb8 8. b3 a6 9. d5 Na5 {E63: King's Indian: Fianchetto: Panno Variation with 7...a6} 10. Bg5 c5 11. dxc6 bxc6 {White is slightly better.} 12. c5 dxc5 13. Rc1 {[#]} Bf5 $146 ({Predecessor:} 13... Qxd1 14. Rfxd1 c4 15. Bf4 Rb7 16. b4 Rxb4 17. Bc7 {½-½ (34) Erdos,V (2604)-Shevchenko,K (2549) Sovata 2018}) 14. Na4 c4 {[%cal Rc4b3]} 15. bxc4 (15. Qxd8 $11 Rfxd8 16. Bf4) 15... Rb4 {...Qxd1 is the strong threat.} 16. Nc5 Qb6 (16... Qd6 $5 {[%cal Rd6c5]} 17. Nd3 (17. Nxa6 Rb6 $17) 17... Rxc4 $11) 17. Nd3 {Strongly threatening c5.} Rxc4 18. Rb1 Qd8 19. Nfe5 Bxd3 20. exd3 ({Of course not} 20. Nxd3 Ne4 $15) 20... Rc5 $1 {[%cal Rc5e5]} 21. d4 Rb5 22. Nxc6 Rxb1 23. Qxb1 Nxc6 24. Bxc6 Qxd4 25. Qb7 Qc5 26. Be3 Qa3 27. Bf3 h5 28. Qb3 Qxb3 29. axb3 Rb8 30. Be2 Rxb3 31. Bxa6 Ra3 32. Be2 Nd5 33. Bd2 h4 34. Rd1 e6 35. Kg2 Bf6 36. Bc4 Kg7 37. Bxd5 exd5 $15 {[%mdl 4096] Endgame KRB-KRB} 38. Be3 Ra5 39. g4 g5 40. Kf3 ({White should play} 40. f4 $15) 40... Kg6 $19 41. h3 Be5 42. Rd3 {[#]} f6 $1 43. Rb3 Ra1 $2 (43... Kf7 $19 {Black wants to play ...Ke6.} 44. Ke2 Ra1 45. Rb7+ Ke6 46. Rb6+ Ke7 47. Rb7+ Kd6 48. Rb6+ Kc7) 44. Bd2 $2 {[#]} (44. Rd3 $11) 44... Rh1 $1 {[%cal Rh1h3]} 45. Ke2 $2 (45. Kg2 {was the only chance.} Rd1 46. Bb4) 45... Kf7 46. Rb7+ Ke6 47. Rb6+ Kd7 48. Rb3 Kc6 49. Rd3 Ra1 50. Be3 Ra4 51. Kf3 $2 (51. Rb3) 51... d4 52. Bd2 Ra2 $2 (52... Kc5 $19 {White must now prevent ...Kc4.} 53. Ke4 Kc4) 53. Bb4 $2 {[%mdl 8192]} (53. Ke4 $17) 53... Kb5 54. Rd2 Ra1 (54... Rxd2 $142 55. Bxd2 d3) 55. Be7 Rh1 56. Ke4 Rxh3 57. Rd1 Kc4 58. Bd8 Rb3 59. Rc1+ Rc3 60. Rd1 Rc2 61. Kf3 d3 62. Bb6 Bd4 63. Ke4 {Accuracy: White = 30%, Black = 58%.} 0-1

[Event "British KO-ch 2019"]
[Site "London"]
[Date "2019.12.04"]
[Round "2.3"]
[White "McShane, Luke J"]
[Black "Adams, Michael"]
[Result "1-0"]
[WhiteElo "2675"]
[BlackElo "2692"]
[Annotator "TA"]
[PlyCount "71"]
[EventDate "2019.11.30"]
[EventType "k.o."]
[EventCountry "ENG"]
[SourceTitle "playchess.com"]
[Source "ChessBase"]
[SourceQuality "1"]

{[%evp 17,71,0,0,0,0,0,0,-12,-2,0,0,-7,-16,-11,-12,-18,0,-29,-23,-8,0,0,0,0,0,0,0,0,0,0,0,0,0,0,56,58,65,52,42,45,253,244,257,253,320,313,313,313,322,297,12840,12840,12841,12841,12841,12842]} 1. e4 e5 2. Nf3 Nc6 3. Bb5 a6 4. Bxc6 dxc6 5. O-O Bd6 6. d4 exd4 7. Qxd4 f6 8. Be3 Ne7 9. Nbd2 Be6 10. Qc3 {C68: Ruy Lopez: Exchange Variation, sidelines} Qd7 11. Nc4 Bxc4 12. Qxc4 {The position is equal.} Ng6 13. Rad1 (13. Nd4 Ne5 14. Qe2 O-O-O 15. Nf5 Rhe8 16. Rad1 Qf7 {0-1 (37) Ivanchuk,V (2726)-Vidit,S (2715) Riadh 2017}) 13... O-O-O 14. Nd4 Ne5 15. Qe2 g6 16. f4 Nf7 $146 ({Predecessor:} 16... Ng4 17. Nb3 Nxe3 18. Qxe3 {0-1 (62) Salonen,J (2153)-Gromotka,H (2316) ICCF email 2016}) 17. f5 Rde8 18. Ne6 Qe7 19. Bd4 Nd8 20. Nxd8 Rxd8 21. fxg6 hxg6 22. h3 Bc5 23. Bxc5 Qxc5+ 24. Kh1 Rxd1 25. Qxd1 $11 {[%mdl 4096] Endgame KQR-KQR} f5 ({Black should play} 25... Kb8 $11) 26. exf5 $14 gxf5 27. Qf3 Rf8 $1 28. c3 Qd5 $2 {[#]} (28... b6 $14) 29. Qxd5 $18 cxd5 {KR-KR} 30. g4 Rh8 31. Rxf5 ({Stronger than} 31. gxf5 Rxh3+ 32. Kg2 Rh5 $11) 31... Rxh3+ 32. Kg2 Rd3 33. g5 {[#] Hoping for g6.} d4 $2 (33... Rd2+ 34. Kf3 Rd1) 34. g6 {White is clearly winning.} Rd2+ 35. Rf2 dxc3 36. g7 {Accuracy: White = 93%, Black = 53%.} 1-0

[Event "British KO-ch 2019"]
[Site "London"]
[Date "2019.12.04"]
[Round "2.4"]
[White "Adams, Michael"]
[Black "McShane, Luke J"]
[Result "1-0"]
[WhiteElo "2692"]
[BlackElo "2675"]
[Annotator "TA"]
[PlyCount "113"]
[EventDate "2019.11.30"]
[EventType "k.o."]
[EventCountry "ENG"]
[SourceTitle "playchess.com"]
[Source "ChessBase"]
[SourceQuality "1"]

{[%evp 14,113,24,9,15,26,26,-26,-25,-18,-13,-11,-2,-65,157,72,44,44,64,39,59,58,97,79,80,61,62,87,87,56,73,74,92,51,70,20,22,0,0,-19,-19,-37,-21,-29,-16,-43,-16,-20,-7,-21,-10,-11,-17,-16,-21,-13,7,7,7,7,7,7,7,7,22,6,6,0,0,-496,-481,-564,-583,-570,-542,-605,-551,-649,-625,-593,-597,-550,-533,-504,-521,-516,-499,-480,-431,-621,-614,-612,-385,-373,-377,-358,-355,-340,-317,-591,-303,-289]} 1. e4 e5 2. Nf3 Nc6 3. Bc4 Bc5 4. c3 Nf6 5. d3 d6 6. O-O a6 7. Re1 Ba7 8. Bb3 h6 {C54: Giuoco Piano: 4 c3 Nf6, main lines with 5 d4 and 5 d3} (8... O-O 9. h3 Re8 10. Nbd2 Be6 11. Ba4 b5 12. Bc2 h6 13. Nf1 d5 14. exd5 Bxd5 15. Ng3 Nh7 16. a4 Nf8 17. b4 {1-0 (54) Nepomniachtchi,I (2774)-Aronian,L (2765) Saint Louis 2019}) 9. Nbd2 g5 10. Nf1 ({White should play} 10. d4) 10... g4 $11 {Black has an edge.} 11. N3d2 h5 12. Nc4 h4 $1 13. Be3 {[#]} (13. Qc2 $11) 13... g3 $146 (13... h3 $1 $15 {keeps the upper hand.}) ({Predecessor:} 13... h3 14. g3 d5 15. Ncd2 d4 16. Bg5 {0-1 (32) El Debs,F (2544)-Bachmann,A (2621) Buenos Aires 2018}) 14. Bxa7 ({Don't play} 14. hxg3 $6 hxg3 15. Nxg3 Ng4 $16) (14. fxg3 $142 Bg4 15. Qd2) 14... gxh2+ $16 15. Nxh2 {[#] Strongly threatening Be3.} Nxa7 16. d4 Nc6 17. dxe5 dxe5 18. Qxd8+ Kxd8 19. Rad1+ Ke7 20. Ne3 Ne8 21. Nf3 f6 22. Rd3 Na5 {[%cal Bc6a5,Ba5c4,Bc4b2][%mdl 32]} 23. Bc2 Be6 24. Nd5+ Kf7 25. b4 Nc4 26. Bb3 b5 $1 27. Nd2 Nb2 $1 {[%cal Rb2d3]} 28. Rf3 Rd8 29. Nf1 c6 30. Nde3 $1 Ke7 31. Rb1 {Hoping for Bxe6.} Na4 32. Nf5+ Bxf5 33. exf5 Nd6 34. c4 Nxc4 35. Bxc4 bxc4 36. Ra3 Nb6 37. Rxa6 Nd5 38. Rxc6 c3 39. b5 Rc8 $36 {[%mdl 2048] Black is more active.} 40. Re6+ Kf7 41. Rc1 $2 {[%mdl 8192] [#]} (41. Rd6 $1 $11 {and White stays safe.} Nf4 42. Ne3) 41... Nf4 $1 $19 {And now ...Ne2+ would win.} 42. Rc2 Nxe6 43. fxe6+ Kxe6 {[%mdl 4096] Endgame KRR-KRN} 44. Ne3 Rhd8 45. a4 Rd2 46. Rc1 Ra2 47. b6 Rxa4 48. b7 Rb8 49. Rxc3 Rxb7 50. Rc6+ Kf7 51. Nd5 (51. Kh2 $142) 51... Rd7 52. Nxf6 Rd2 {aiming for ...Rf4.} 53. Nh7 Ra1+ 54. Kh2 Rxf2 {Threatens to win with ...Rf5.} 55. Ng5+ Kg7 56. Nf3 $2 (56. Rc7+ Kg6 57. Nf3) 56... e4 57. Nxh4 {[%mdl 32768] Accuracy: White = 46%, Black = 52%. . Loss on time!?} 1-0

[Event "British KO-ch 2019"]
[Site "London"]
[Date "2019.12.04"]
[Round "2.4"]
[White "Jones, Gawain C B"]
[Black "Howell, David W L"]
[Result "1/2-1/2"]
[WhiteElo "2663"]
[BlackElo "2701"]
[Annotator "TA"]
[PlyCount "69"]
[EventDate "2019.11.30"]
[EventType "k.o."]
[EventCountry "ENG"]
[SourceTitle "playchess.com"]
[Source "ChessBase"]
[SourceQuality "1"]

{[%evp 15,69,24,30,38,32,28,28,0,0,0,19,17,15,15,24,3,9,-11,-14,-12,-16,-14,-15,-9,0,0,0,0,32,0,9,-7,0,0,0,0,0,0,0,0,0,0,0,0,0,0,0,0,0,0,0,0,0,0,0,0]} 1. e4 e5 2. Nf3 Nf6 3. Nxe5 d6 4. Nf3 Nxe4 5. Nc3 Nxc3 6. dxc3 Be7 7. Be3 Nc6 8. Qd2 Be6 9. O-O-O {C42: Petroff Defence: 3 Nxe5 and unusual White 3rd moves} Qd7 ({Not} 9... Bxa2 $2 10. b3 $18) 10. a3 (10. h4 h6 11. Nd4 Nxd4 12. Bxd4 Rg8 13. c4 c5 14. Bc3 O-O-O 15. Qe3 g5 16. hxg5 hxg5 {½-½ (71) Caruana,F (2819)-So,W (2754) Stavanger 2019}) 10... a6 11. Ng5 {White has an edge.} Bxg5 12. Bxg5 f6 13. Be3 O-O-O {[#]} 14. h3 $146 ({Predecessor:} 14. f3 Qf7 15. b3 h5 16. h4 Rhe8 {½-½ (30) Mamedov,N (2624)-Guliyev,N (2546) Baku 2014}) 14... Rhe8 15. g4 Na5 16. g5 Nc4 17. Bxc4 Bxc4 18. gxf6 gxf6 19. Qd4 Qf7 20. Rhg1 Rg8 21. b3 Bb5 22. Rg3 Rg6 {The position is equal.} 23. Qf4 Rdg8 24. c4 Bd7 25. c5 dxc5 26. Bxc5 Rxg3 27. fxg3 Bxh3 28. Re1 {[#] Threatens to win with Re7.} Re8 (28... Be6 {looks sharper.} 29. Bd4 f5 30. Re5 Qd7 31. Qe3 Bd5) 29. Rxe8+ Qxe8 30. Qxf6 b6 31. Bd4 Qd7 32. Be5 Bf5 33. Bf4 Kb7 34. Kb2 Bg6 35. a4 {Accuracy: White = 68%, Black = 59%.} 1/2-1/2

[Event "British KO-ch 2019"]
[Site "London"]
[Date "2019.12.04"]
[Round "2.5"]
[White "Howell, David W L"]
[Black "Jones, Gawain C B"]
[Result "0-1"]
[WhiteElo "2701"]
[BlackElo "2663"]
[Annotator "TA"]
[PlyCount "124"]
[EventDate "2019.11.30"]
[EventType "k.o."]
[EventCountry "ENG"]
[SourceTitle "playchess.com"]
[Source "ChessBase"]
[SourceQuality "1"]

{[%evp 16,124,35,45,43,52,42,37,46,36,30,33,45,31,42,44,31,31,31,28,25,19,27,27,38,38,37,33,47,47,40,4,8,0,17,4,17,15,38,33,32,28,35,17,23,14,6,14,12,6,45,0,0,0,1,0,8,0,0,0,0,0,0,0,0,0,0,-19,-8,-8,-8,-8,-8,-8,-8,-8,-8,-8,0,0,0,-20,0,0,0,-32,0,0,8,-108,-108,-109,-8,-132,-128,-125,-13,-19,-8,-8,-8,-8,-8,-8,-17,-29968,-29969,-29970,-29971,-29968,-29965]} 1. Nf3 Nf6 2. g3 g6 3. Bg2 Bg7 4. O-O O-O 5. c4 d6 6. d4 Nc6 7. Nc3 Rb8 8. b3 a6 9. d5 Na5 {E63: King's Indian: Fianchetto: Panno Variation with 7...a6} 10. Bg5 c5 11. dxc6 bxc6 {White is slightly better.} 12. c5 dxc5 13. Rc1 {[#]} Bf5 $146 ({Predecessor:} 13... Qxd1 14. Rfxd1 c4 15. Bf4 Rb7 16. b4 Rxb4 17. Bc7 {½-½ (34) Erdos,V (2604)-Shevchenko,K (2549) Sovata 2018}) 14. Bf4 Rb7 15. Ne5 Rb4 16. Qxd8 Rxd8 17. Rfd1 Rbd4 18. Nxc6 Nxc6 19. Bxc6 Rxd1+ 20. Rxd1 Rxd1+ 21. Nxd1 Be4 22. Bxe4 Nxe4 $14 {[%mdl 4096] Endgame KBN-KBN} 23. f3 Nd6 24. Kf2 Kf8 25. g4 Ke8 26. Ke3 Kd7 27. Kd3 Kc6 28. h3 h5 29. Ne3 e5 30. Bh2 f5 31. gxh5 gxh5 32. Nc4 e4+ 33. fxe4 Nxe4 34. Bg1 Nc3 35. a4 Nd5 36. Bh2 Nb4+ 37. Ke3 Bh6+ 38. Kf3 Nc2 39. e3 Kd5 40. Nb6+ Ke6 41. Nc4 Na1 42. Nd2 Bg7 43. e4 $1 Bc3 44. exf5+ Kxf5 45. Ne4 Bb4 46. Ng3+ Kg6 47. Ke4 Nxb3 {And now ...Nd2+ would win.} 48. Kd5 Nd2 {aiming for ...Kg5.} 49. Ne2 c4 50. Be5 Kf5 51. Nd4+ Kg5 52. Nc2 (52. Nc6 $11 Ba3 53. Nb8) 52... Ba5 $1 $17 53. Bg3 {[#]} Bb6 (53... c3 $1 $17 54. Nd4 Bb6) 54. Be1 (54. Nb4 $1 $11 {was the only way to keep the balance.}) 54... c3 55. Bg3 Nf1 ({Black should try} 55... Kf5 $17 {...Ne4 is the strong threat.} 56. Be5 Ne4) 56. Be1 $1 $11 Ne3+ 57. Nxe3 Bxe3 58. Bxc3 {KB-KB} Kh4 59. Kc6 Kxh3 {Strongly threatening ...Kg4.} 60. Kb7 $2 {[%mdl 8192] [#]} (60. a5 $11) 60... Kg3 $1 {Black mates.} 61. Bf6 a5 62. Ka6 Bd2 {Accuracy: White = 62%, Black = 58%.} 0-1

[Event "British KO-ch 2019"]
[Site "London"]
[Date "2019.12.04"]
[Round "2.5"]
[White "McShane, Luke J"]
[Black "Adams, Michael"]
[Result "0-1"]
[WhiteElo "2675"]
[BlackElo "2692"]
[Annotator "TA"]
[PlyCount "32"]
[EventDate "2019.11.30"]
[EventType "k.o."]
[EventCountry "ENG"]
[SourceTitle "playchess.com"]
[Source "ChessBase"]
[SourceQuality "1"]

{[%evp 12,32,22,0,0,0,0,0,0,-7,-3,-8,-6,-13,4,7,39,29,48,-17,-20,-58,-31]} 1. e4 e5 2. Nf3 Nc6 3. Bc4 Bc5 4. c3 Nf6 5. d3 d6 6. Nbd2 {[%cal Bb1d2,Bd2f1,Bf1e3][%mdl 32]} O-O 7. Bb3 a5 {C54: Giuoco Piano: 4 c3 Nf6, main lines with 5 d4 and 5 d3} 8. Nf1 Be6 9. Bxe6 $146 ({Predecessor:} 9. Ng3 h6 10. O-O Bxb3 11. axb3 d5 12. Qe2 Re8 13. Bd2 Bf8 14. Rfd1 {0-1 (96) Mamedov,R (2699)-Shankland,S (2722) Batumi 2018}) 9... fxe6 {The position is equal.} 10. Be3 Bxe3 11. Nxe3 a4 12. O-O d5 13. Qe2 a3 14. b4 d4 15. b5 ({Better is} 15. cxd4 $14 Nxd4 16. Nxd4 exd4 17. Nc4) 15... Na7 $11 16. cxd4 exd4 0-1